000 01020nam a2200277 a 4500
001 4858
003 BD-RjUL
005 20211208233952.0
008 131223s1996 ii b 001 0 eng d
020 _a8171006607
035 _a(BD-RjUL)4893
040 _aANL
_beng
_cANL
_dANL:NR
041 _aeng
082 0 4 _a346.540135
_220
_bDIC 1996
100 1 _aDiwan, Paras,
_d1924-
_915319
245 1 0 _aChildren and legal protection :
_billegitimate children, child marriages, adoptions, inter-country adoption, child-wife and child-widow ... /
_cParas Diwan and Peeyushi Diwan.
260 _aNew Delhi :
_bDeep & Deep,
_cc1996.
300 _axviii, 517 p. ;
_c23 cm.
504 _aIncludes bibliographical references and index.
650 0 _aChildren
_xLegal status, laws, etc.
_zIndia.
_99047
650 0 _aChild labor
_xLaw and legislation
_zIndia.
_915320
650 0 _aAdoption
_xLaw and legislation
_zIndia.
_915321
650 0 _aCustody of children
_zIndia.
_915322
700 1 _aDiwan, Peeyushi.
_912484
942 _2ddc
_cBK
999 _c4858
_d4858